Logo BPK

Bibliografia Prac Pracowników

Politechniki Koszalińskiej

Investigation concerning the cavitation resistance of TiN coating deposited on austenitic steel at various temperatures / (Rekord nr 9366)

Szczegóły MARC
000 -ETYKIETA REKORDU
podpole kontrolne o stałej długości 00634naa a22001577i 4500
001 - NUMER KONTROLNY REKORDU
podpole kontrolne 9366
003 - IDENTYFIKATOR NUMERU KONTROLNEGO REKORDU
podpole kontrolne KOSZ 005
005 - DATA OSTATNIEJ MODYFIKACJI REKORDU
podpole kontrolne 20180327103632.0
008 - POLE O STAŁEJ DŁUGOŚCI - DANE KONTROLNE
podpole kontrolne o stałej długości 160308s2008 uk ||||| ||||0|| ||eng
040 ## - ŹRÓDŁO KATALOGOWANIA
Instytucja, która utworzyła rekord KOSZ 005
Instytucja, która dokonała modyfikacji KOSZ 005/EG
041 0# - KOD JĘZYKA
Kod języka tekstu eng
100 1# - NAZWA OSOBOWA
Nazwa osobowa CZYŻNIEWSKI, Andrzej.
Lata pracy 1996 - .
Instytucja Politechnika Koszalińska - Instytut Mechatroniki, Nanotechnologii i Techniki Próżniowej,
245 10 - TYTUŁ/ODPOWIEDZIALNOŚĆ
Tytuł Investigation concerning the cavitation resistance of TiN coating deposited on austenitic steel at various temperatures /
Pozostałe elementy strefy tytułu i oznaczenia odpowiedzialności A. Krella, A. Czyżniewski.
773 0# - TYTUŁ DOKUMENTU MACIERZYSTEGO
Wyrażenie wprowadzające W:
Tytuł Wear. -
Informacje dotyczące relacji 2008, Vol. 265, s. 72-80
ISSN 0043-1648
942 ## - HASŁO DODATKOWE - ELEMENTY(KOHA)
Typ dokumentu Artykuł
Schemat klasyfikacji Uniwersalna klasyfikacja dziesiętna

Brak dostępnych egzemplarzy.

© 2014 Biblioteka Politechniki Koszalińskiej :: BIBLIOGRAFIA PRAC PRACOWNIKÓW